Uttar purbanchaliya arthanitir ruprekha (Record no. 1076)
[ view plain ]
| 000 -LEADER | |
|---|---|
| fixed length control field | 00465cam a2200181ua 4500 |
| 008 - FIXED-LENGTH DATA ELEMENTS--GENERAL INFORMATION | |
| fixed length control field | 110611n ii |||gr||||Z||||||asm |
| 040 ## - CATALOGING SOURCE | |
| Transcribing agency | MAIN |
| 082 ## - DEWEY DECIMAL CLASSIFICATION NUMBER | |
| Classification number | 330.95416 |
| 245 10 - TITLE STATEMENT | |
| Title | Uttar purbanchaliya arthanitir ruprekha |
| Statement of responsibility, etc. | by Bhuban Baruah |
| 250 ## - EDITION STATEMENT | |
| Edition statement | 3rd ed. |
| 260 ## - PUBLICATION, DISTRIBUTION, ETC. | |
| Place of publication, distribution, etc. | Dibrugarh: |
| Name of publisher, distributor, etc. | Banalata,989. |
| 300 ## - PHYSICAL DESCRIPTION | |
| Extent | 153p.:0cm. |
| 700 ## - ADDED ENTRY--PERSONAL NAME | |
| Personal name | Baruah, Bhuban, |
| Relator term | |
| 942 ## - ADDED ENTRY ELEMENTS (KOHA) | |
| Koha item type | Books |
| 653 ## - INDEX TERM--UNCONTROLLED | |
| Uncontrolled term | Economics |
| 653 ## - INDEX TERM--UNCONTROLLED | |
| Uncontrolled term | Economy of North east India |
| Withdrawn status | Lost status | Damaged status | Not for loan | Home library | Current library | Shelving location | Date acquired | Total Checkouts | Full call number | Barcode | Date last seen | Copy number | Price effective from | Koha item type |
|---|---|---|---|---|---|---|---|---|---|---|---|---|---|---|
| Central Library, Naharkatiya College | Central Library, Naharkatiya College | 19/09/2020 | 330.95416 | BAR | 2180 | 19/09/2020 | 1 | 19/09/2020 | Books |
